00221nam a22000977a 4500003000400000082001700004100002500021245004300046260002600089300000800115SGT a617.51bA11S aSATALOFF, ROBERT T.  aATLAS OF ENDOSCOPIC LARYNGEAL SURGERY  aINDIA bJAYPEE c2011 a263